LEADER 01420nam 2200361 n 450 001 996391677203316 005 20221108035920.0 035 $a(CKB)1000000000670043 035 $a(EEBO)2240953458 035 $a(UnM)99870120 035 $a(EXLCZ)991000000000670043 100 $a19940817d1653 uy | 101 0 $aeng 135 $aurbn||||a|bb| 200 14$aThe Parliament routed$b[electronic resource] $eor Heres a house to be let. I hope that England, after many jarres, shall be at peace, and give no way to warres: o Lord protect the generall, that he may be the agent of our unitie. To the tune of Lucina, or, merrily and cherrily 210 $a[London $cs.n.$d1653] 215 $a1 sheet ([1] p.) $cill 300 $aSigned at end: S.S. 300 $aActually two poems: The second poem is titled 'The second part, to the same tune.' 300 $aVerse - "Cheare up kind countrey men, be not dismayd,". 300 $aAnnotation on Thomason copy: "3d June 1653". 300 $aReproduction of the original in the British Library. 330 $aeebo-0018 607 $aGreat Britain$xHistory$yCommonwealth and Protectorate, 1649-1660$vPoetry$vEarly works to 1800 700 $aS. S$01005771 801 0$bCu-RivES 801 1$bCu-RivES 801 2$bCStRLIN 801 2$bWaOLN 906 $aBOOK 912 $a996391677203316 996 $aThe Parliament routed$92316223 997 $aUNISA LEADER 02474nam0 2200517 i 450 001 RAV0181788 005 20251003044326.0 010 $a8808120341 020 $aIT$b92-3594 100 $a20130827d1991 ||||0itac50 ba 101 | $aita 102 $ait 181 1$6z01$ai $bxxxe 182 1$6z01$an 183 1$6z01$anc$2RDAcarrier 200 1 $aLettura e interpretazione delle carte geologiche$fB.C.M. Butler, J.D. Bell$gedizione italiana a cura di Elvidio Lupia Palmieri e Maurizio Parotto 210 $aBologna$cZanichelli$d1991 215 $aXIII, 307 p., \6! c. di tav.$cill.$d25 cm 300 $aTrad. di Paola Fredi 300 $aSeguono appendici. 500 10$aInterpretation of geological maps.$3RAV0188395$9RAVV074272$929633 606 $aCarte geologiche$2FIR$3CFIC077734$9E 676 $a526$9Astronomia e scienze connesse. Geografia matematica$v14 676 $a550$9SCIENZE DELLA TERRA E DI ALTRI MONDI$v12 676 $a550.223$9SCIENZE DELLA TERRA E DI ALTRI MONDI. PIANTE E DIAGRAMMI$v19 676 $a551.8$9$v21 696 $aCarte petrografiche$aCarte litologiche 699 $aCarte geologiche$zCarte petrografiche 699 $aCarte geologiche$yCarte litologiche 700 1$aButler$b, Barry Conrad Milne$3RAVV074272$4070$062820 701 1$aBell$b, John David$3RAVV074273$4070$0351339 702 1$aLupia Palmieri$b, Elvidio$3CFIV025432 702 1$aParotto$b, Maurizio$3CFIV025433 790 1$aLupia Palmieri$b, E.$c $3RT1V046695$zLupia Palmieri, Elvidio 790 1$aLupia-Palmieri$b, Elvidio$3SBNV057147$zLupia Palmieri, Elvidio 790 1$aLupia Palmieri$b, E.$3SBNV057148$zLupia Palmieri, Elvidio 790 1$aParotto$b, M.$f <1940->$3RT1V025551$zParotto, Maurizio 801 3$aIT$bIT-000000$c20130827 850 $aIT-BN0095 $aIT-NA0070 901 $bNAP BU$c17 B $nPropedeutica. Formato cm. 20,1-28. 901 $bNAP 01$c04-LT $n$ 912 $aRAV0181788 950 0$aBiblioteca Centralizzata di Ateneo$b1 v. in due copie$c1 v. in due copie$d 0104-LT 526 BUT le$e 0104 0000001695 VMA (bis 1 v. (2 copia)$fY $h20071113$i20071113$b1 v. in due copie$c1 v. in due copie$d 0104-LT 526 BUT le$e 0104 9000001475 VMA 1 v.$fB $h20071113$i20071113 977 $a 01$a BU 996 $aInterpretation of geological maps$929633 997 $aUNISANNIO